000 00256nam a2200097Ia 4500
001 719583
005 20250826163045.0
008 250824s9999 xx 000 0 und d
245 0 _aHABERCİ ÇOCUK CİNAYETLERİ
_cPERİHAN MAĞDEN
260 _bEVEREST YAYINLARI
999 _c719583
_d719583